[Event "Manhem GM 2012"]
[Site "www.ssmanhem.se"]
[Date "2012.08.15"]
[Round "7"]
[White "Rozentalis, Eduardas"]
[Black "Bejtovic, Jasmin"]
[Result "1-0"]
[WhiteElo "2585"]
[BlackElo "2393"]
[PlyCount "125"]
[EventDate "2012.??.??"]

1. e4 c5 2. Nf3 e6 3. c3 d5 4. exd5 exd5 5. d4 Nc6 6. g3 Nf6 7. Bg2 Be7 8. O-O
O-O 9. dxc5 Bxc5 10. Bg5 Be6 11. Nbd2 h6 12. Nb3 Bb6 13. Bf4 Ne4 14. Nfd4 Qd7
15. Re1 Rad8 16. a4 Bh3 17. a5 Bxd4 18. Nxd4 Bxg2 19. Kxg2 Nc5 20. Be3 a6 21.
Qh5 Nxd4 22. Bxd4 Ne6 23. Rad1 Qc6 24. h4 Rd7 25. Re5 Qb5 26. Qg4 Qxa5 27. Rh5
Qd8 28. Rxh6 Nxd4 29. Rxd4 Rd6 30. Rh5 Rg6 31. Qe2 Re8 32. Qd2 Qb6 33. Rb4 Qc6
34. Qxd5 Qxd5+ 35. Rxd5 b5 36. Rf4 Rge6 37. Rc5 R8e7 38. h5 Kh7 39. b4 f6 40.
g4 Re2 41. Rff5 R7e6 42. Rc7 Kh6 43. Rc8 Re8 44. Rxe8 Rxe8 45. Kg3 Re6 46. Rc5
g6 47. hxg6 Kxg6 48. f4 Re1 49. Rc6 Kg7 50. Kf3 Rc1 51. Ke4 a5 52. bxa5 b4 53.
Kd3 bxc3 54. Rxc3 Ra1 55. Rc5 Ra4 56. Ke3 Kg6 57. g5 f5 58. Rc6+ Kg7 59. a6
Re4+ 60. Kf3 Ra4 61. Rc7+ Kg6 62. a7 Ra3+ 63. Kg2 1-0

[Event "Manhem Elo 2012"]
[Site "?"]
[Date "2012.08.16"]
[Round "8"]
[White "Björkdahl, Daniel"]
[Black "Persson, Börje"]
[Result "1/2-1/2"]
[WhiteElo "1929"]
[BlackElo "1946"]
[PlyCount "87"]
[EventDate "2012.08.15"]
[SourceDate "2012.08.16"]

1. d4 Nf6 2. Nf3 e6 3. e3 d5 4. Bd3 c5 5. b3 Nc6 6. Nbd2 cxd4 7. exd4 Bd6 8.
O-O O-O 9. a3 Qc7 10. Bb2 e5 11. dxe5 Nxe5 12. Nxe5 Bxe5 13. Bxe5 Qxe5 14. Nf3
Qc7 15. Qd2 h6 16. Rfe1 Be6 17. Ne5 a6 18. Qb4 Rac8 19. Qd4 Qc5 20. Nf3 Qxd4
21. Nxd4 Rfe8 22. f3 Kf8 23. a4 a5 24. Re2 Bd7 25. Rae1 Rxe2 26. Rxe2 Re8 27.
Kf2 Rxe2+ 28. Kxe2 g6 29. Ke3 Ke7 30. Nb5 Bxb5 31. Bxb5 Kd6 32. Kd4 g5 33. Bd3
Nd7 34. c3 Nc5 35. Bc2 Ne6+ 36. Ke3 Kc5 37. Bd3 d4+ 38. cxd4+ Nxd4 39. Bc4 f5
40. h4 Nc2+ 41. Kd2 Nd4 42. hxg5 hxg5 43. Ke3 Nc2+ 44. Kd2 1/2-1/2

[Event "Manhem Elo 2012"]
[Site "?"]
[Date "2012.08.16"]
[Round "8"]
[White "Gromark, Per-Olof"]
[Black "Fransson, Lennart"]
[Result "1-0"]
[WhiteElo "2117"]
[BlackElo "2099"]
[PlyCount "113"]
[EventDate "2012.08.15"]
[SourceDate "2012.08.16"]

1. d4 d5 2. c4 e6 3. Nc3 Nf6 4. cxd5 exd5 5. Bg5 Be7 6. Qc2 O-O 7. e3 h6 8. Bf4
Re8 9. Bd3 c6 10. h3 Bd6 11. Bxd6 Qxd6 12. Nf3 b6 13. O-O Nbd7 14. Rab1 Bb7 15.
b4 Nf8 16. Rfc1 Re7 17. Nh4 g6 18. Nf3 Rc8 19. a4 Ne6 20. Bxg6 fxg6 21. Qxg6+
Ng7 22. Qxh6 Ne4 23. Qxd6 Nxd6 24. Ne5 c5 25. bxc5 bxc5 26. dxc5 Rxc5 27. Nf3
Rec7 28. Ne2 Rxc1+ 29. Rxc1 Rxc1+ 30. Nxc1 Bc6 31. a5 Bb5 32. g4 Nb7 33. Nd4
Bc4 34. Ncb3 Ne6 35. a6 Nbd8 36. Nxe6 Nxe6 37. Na5 Bb5 38. h4 Kf7 39. f4 Nc5
40. Kg2 Bxa6 41. f5 Kf6 42. Kg3 Be2 43. Nc6 Bb5 44. Nd4 Ba4 45. g5+ Kf7 46. h5
Bd7 47. h6 a5 48. g6+ Kg8 49. Kf4 Ne4 50. Ke5 Nf2 51. Kd6 Be8 52. Ke7 Bxg6 53.
fxg6 Ng4 54. Nf5 Nxh6 55. Nxh6+ Kg7 56. Nf5+ Kxg6 57. Ke6 1-0

[Event "Manhem Elo 2012"]
[Site "?"]
[Date "2012.08.16"]
[Round "8"]
[White "Wahlström, Lennart"]
[Black "Björkeroth, Johan"]
[Result "1/2-1/2"]
[WhiteElo "2138"]
[BlackElo "2001"]
[PlyCount "156"]
[EventDate "2012.08.15"]
[SourceDate "2012.08.16"]

1. e4 d6 2. d4 Nf6 3. Nc3 e5 4. dxe5 dxe5 5. Qxd8+ Kxd8 6. Bc4 Be6 7. Bxe6 fxe6
8. Nf3 Bd6 9. O-O Nc6 10. Be3 Ke7 11. Rad1 a6 12. a3 h6 13. h3 g5 14. Ne1 Rag8
15. Nd3 Nd4 16. Bxd4 exd4 17. Ne2 Nxe4 18. Nxd4 Nc5 19. Rfe1 Nxd3 20. Rxd3 e5
21. Nf3 Kf6 22. Nd2 Rd8 23. Ne4+ Ke6 24. Red1 b6 25. Kf1 Be7 26. Rxd8 Rxd8 27.
Rxd8 Bxd8 28. Ke2 Be7 29. g4 Kd5 30. Kd3 b5 31. Nc3+ Ke6 32. Ke4 c6 33. Nd1 Bc5
34. f3 a5 35. Kd3 Bd4 36. c3 Bb6 37. b3 Bc5 38. b4 axb4 39. axb4 Bb6 40. Ke4 c5
41. bxc5 Bxc5 42. Nb2 Bb6 43. Nd3 Bc7 44. Nf2 Ba5 45. Kd3 Bd8 46. Ne4 Be7 47.
Ng3 Kd5 48. Nf5 Bf8 49. Ne3+ Ke6 50. Ke4 Bc5 51. Nf5 Bf8 52. Ng3 Be7 53. Ke3
Bc5+ 54. Kd3 Kd5 55. Nf5 Bf8 56. Ne3+ Ke6 57. c4 bxc4+ 58. Nxc4 Kd5 59. Ne3+
Ke6 60. Kc4 Be7 61. Nd5 Bd6 62. Nc3 Ba3 63. Ne4 Be7 64. Ng3 Ba3 65. Nf5 Bf8 66.
Kd3 Kd7 67. h4 gxh4 68. Nxh4 Be7 69. Nf5 Bg5 70. Ke4 Ke6 71. Ng7+ Kf7 72. Nf5
Ke6 73. Kd3 Kd5 74. Ng3 Bf4 75. Ne2 Bg5 76. Nc3+ Ke6 77. Ke4 Bf6 78. Kd3 Be7
1/2-1/2

[Event "Manhem GM 2012"]
[Site "?"]
[Date "2012.08.16"]
[Round "8"]
[White "Henrichs, Thomas"]
[Black "Nybäck, Tomi"]
[Result "0-1"]
[WhiteElo "2493"]
[BlackElo "2638"]
[PlyCount "114"]
[EventDate "2012.??.??"]

1. e4 e5 2. Nf3 Nc6 3. Bb5 f5 4. Nc3 fxe4 5. Nxe4 Nf6 6. Nxf6+ Qxf6 7. Qe2 Be7
8. Bxc6 bxc6 9. d4 Qg6 10. O-O d6 11. Qc4 d5 12. Qc3 exd4 13. Nxd4 O-O 14. Qxc6
Qxc6 15. Nxc6 Bf6 16. Re1 Bb7 17. Ne5 Rfe8 18. Bf4 c5 19. c3 Be7 20. Nd3 Ba6
21. Rxe7 Rxe7 22. Nxc5 Bb5 23. Be3 a5 24. a4 Bc6 25. Rd1 Rb8 26. b3 Ree8 27.
Rd4 Rec8 28. h4 h5 29. b4 Ra8 30. Rd1 axb4 31. cxb4 Bxa4 32. Rxd5 Be8 33. Rg5
Rc6 34. b5 Rb6 35. Bd4 g6 36. Re5 Rxb5 37. Re7 Bf7 38. Ne4 Rba5 39. Rd7 Kf8 40.
Nd6 Be6 41. Rc7 Ra4 42. Bg7+ Kg8 43. Bf6 R8a7 44. Rc1 R7a6 45. Rd1 R4a5 46. Nb7
Rd5 47. Rc1 Rb6 48. Nd8 Bg4 49. Bg5 Rd1+ 50. Rxd1 Bxd1 51. Be7 Bb3 52. Kh2 Bd5
53. Kg3 Rb2 54. Bf6 Re2 55. f3 Kf8 56. Bg5 Ke8 57. Kh3 Re5 0-1

[Event "Manhem GM 2012"]
[Site "?"]
[Date "2012.08.16"]
[Round "8"]
[White "Semcesen, Daniel"]
[Black "Frisk Kockum, Anton"]
[Result "1-0"]
[WhiteElo "2463"]
[BlackElo "2329"]
[PlyCount "85"]
[EventDate "2012.??.??"]

1. d4 e6 2. c4 Nf6 3. Nc3 Bb4 4. Qc2 O-O 5. e4 d6 6. a3 Bxc3+ 7. bxc3 e5 8. Bd3
c5 9. d5 Nbd7 10. Ne2 Re8 11. f3 h6 12. h4 Nf8 13. g4 N6h7 14. Kf2 Ng6 15. Kg3
Qf6 16. Be3 Ngf8 17. Qd2 g5 18. hxg5 Nxg5 19. Raf1 Qg7 20. Kg2 f6 21. Rh2 Nfh7
22. Ng3 Kf7 23. Rfh1 Rg8 24. Be2 Bd7 25. Rxh6 Rh8 26. R6h4 Rag8 27. Nh5 Qf8 28.
Nxf6 Kxf6 29. Rh6+ Kf7 30. Bxg5 Nxg5 31. Rxh8 Rxh8 32. Rxh8 Qxh8 33. Qxg5 Qf6
34. Qh5+ Kg7 35. g5 Qg6 36. Qh4 Qh7 37. Qxh7+ Kxh7 38. Kg3 Ba4 39. f4 Kg6 40.
Kg4 exf4 41. Kxf4 Bc2 42. Bg4 Bb3 43. Bf5+ 1-0

[Event "Manhem GM 2012"]
[Site "?"]
[Date "2012.08.16"]
[Round "8"]
[White "Bejtovic, Jasmin"]
[Black "Tikkanen, Hans"]
[Result "0-1"]
[WhiteElo "2393"]
[BlackElo "2570"]
[PlyCount "114"]
[EventDate "2012.??.??"]

1. d4 d5 2. Nf3 c6 3. c4 Nf6 4. e3 Bf5 5. Nc3 e6 6. Nh4 Be4 7. f3 Bg6 8. Qb3
Qb6 9. Bd2 Qxb3 10. axb3 Bc2 11. f4 Bxb3 12. c5 Bc2 13. b4 Ne4 14. Nf3 Be7 15.
Ra2 Nxc3 16. Bxc3 Be4 17. b5 O-O 18. b6 Bxf3 19. gxf3 a6 20. Bd3 Nd7 21. Rg1
Kh8 22. Rag2 Rg8 23. Kd2 g6 24. Kc2 Nf6 25. Bd2 Nh5 26. Ra1 Ng7 27. Bc3 Nf5 28.
Kd2 Nh4 29. Rg3 h6 30. Ke2 g5 31. fxg5 hxg5 32. Rag1 Ng6 33. Bd2 Bf6 34. Bxg6
Rxg6 35. f4 Rag8 36. fxg5 Rxg5 37. Rxg5 Rxg5 38. Rg3 Rxg3 39. hxg3 e5 40. Bc3
exd4 41. exd4 Kg7 42. g4 Kg6 43. Ke3 Bg5+ 44. Kf3 Bc1 45. Ke2 Kg5 46. Kf3 Kg6
47. Ke2 a5 48. Bxa5 Bb2 49. Kd3 Kg5 50. Bd2+ Kxg4 51. Be3 Kf3 52. Bg5 f5 53.
Bf6 Bc1 54. Be5 Bf4 55. Bg7 Bg3 56. Be5 f4 57. Bc7 Kg2 0-1

[Event "Manhem GM 2012"]
[Site "?"]
[Date "2012.08.17"]
[Round "9"]
[White "Nybäck, Tomi"]
[Black "Berg, Emanuel"]
[Result "0-1"]
[WhiteElo "2638"]
[BlackElo "2576"]
[PlyCount "80"]
[EventDate "2012.??.??"]
[TimeControl "6000+845"]
[WhiteClock "0:00:05"]
[BlackClock "1:30:30"]

1. d4 Nf6 2. c4 e6 3. Nf3 c5 4. g3 cxd4 5. Nxd4 Qc7 6. Nc3 a6 7. Bg2 Qxc4 8.
O-O Nc6 9. Nb3 Qb4 10. e4 Qb6 11. Be3 Qd8 12. Nd5 exd5 13. exd5 Bb4 14. dxc6
bxc6 15. a3 Be7 16. Nd4 O-O 17. Nf5 d5 18. Nxe7+ Qxe7 19. Rc1 Bg4 20. Qa4 Qb7
21. Bd4 Bd7 22. Qc2 Rfe8 23. Qc3 Re6 24. Rfe1 Rae8 25. Rxe6 Rxe6 26. Bh3 Re4
27. Bxd7 Qxd7 28. Bxf6 Rc4 29. Qd2 Rxc1+ 30. Qxc1 gxf6 31. Qf4 Kg7 32. Kf1 c5
33. Qe3 Qb5+ 34. Ke1 a5 35. Kd1 a4 36. Qf4 h5 37. Kc1 Qf1+ 38. Kd2 Qb5 39. Kc1
Qf1+ 40. Kd2 Qb1 0-1

[Event "Manhem GM 2012"]
[Site "?"]
[Date "2012.08.17"]
[Round "9"]
[White "Tikkanen, Hans"]
[Black "Welin, Mats"]
[Result "1-0"]
[WhiteElo "2570"]
[BlackElo "2270"]
[PlyCount "61"]
[EventDate "2012.??.??"]
[TimeControl "6000+1455"]
[WhiteClock "1:30:27"]
[BlackClock "0:00:39"]

1. Nf3 d5 2. c4 d4 3. g3 Nc6 4. Bg2 e5 5. d3 Nf6 6. O-O a5 7. e3 dxe3 8. Bxe3
Be7 9. Nc3 O-O 10. h3 Bf5 11. d4 exd4 12. Nxd4 Nxd4 13. Bxd4 c6 14. c5 Qd7 15.
g4 Bc2 16. Qxc2 Qxd4 17. Na4 Rad8 18. Rfe1 Qf4 19. Rxe7 Rd2 20. Qf5 Qxa4 21.
Rxb7 Qd4 22. Bxc6 g6 23. Qf3 Rc8 24. Ba4 Rf8 25. Rd1 Rxd1+ 26. Bxd1 Ne4 27. Bb3
Nd2 28. Bxf7+ Kh8 29. Qe3 Ne4 30. c6 Nd6 31. Be6 1-0

[Event "Manhem GM 2012"]
[Site "?"]
[Date "2012.08.17"]
[Round "9"]
[White "Nithander, Victor"]
[Black "Semcesen, Daniel"]
[Result "1-0"]
[WhiteElo "2438"]
[BlackElo "2463"]
[PlyCount "95"]
[EventDate "2012.??.??"]
[TimeControl "6000+1375"]
[WhiteClock "1:30:27"]
[BlackClock "0:14:08"]

1. c4 b6 2. Nc3 Bb7 3. e4 e5 4. g3 f5 5. Bg2 Nf6 6. d3 fxe4 7. dxe4 Bc5 8. Nh3
Bb4 9. Bd2 d6 10. O-O O-O 11. Ng5 Bxc3 12. Bxc3 Qe7 13. f4 h6 14. Nh3 Nbd7 15.
Qc2 Nc5 16. Rae1 Qe6 17. fxe5 dxe5 18. Rf5 Bxe4 19. Rxf6 Bxc2 20. Rxe6 Nxe6 21.
Rxe5 Rae8 22. Bd5 Rf6 23. Nf4 Kf7 24. Nh5 Rg6 25. Re2 Bd3 26. Re3 Bb1 27. Nf4
Bf5 28. h3 h5 29. Kh2 Re7 30. Re5 Bb1 31. Nxg6 Bxg6 32. b4 Bb1 33. b5 Bxa2 34.
Re1 Bb3 35. g4 hxg4 36. hxg4 Bc2 37. Kg3 Bd3 38. Bb4 Re8 39. Ra1 Kf6 40. Re1
Kf7 41. Re3 Bc2 42. Ra3 Kg6 43. Rxa7 Bd1 44. Ra1 Bc2 45. Re1 Kf7 46. Bd2 Bg6
47. Bf4 Re7 48. Bxc7 1-0

[Event "Manhem Elo 2012"]
[Site "?"]
[Date "2012.08.17"]
[Round "9"]
[White "Ljunggren, Jacob"]
[Black "Berggren Torell, Harald"]
[Result "0-1"]
[WhiteElo "1973"]
[BlackElo "2039"]
[PlyCount "56"]

1. e4 Nf6 2. d3 e5 3. Nf3 Nc6 4. g3 d5 5. Nbd2 Bc5 6. Bg2 dxe4 7. dxe4 O-O 8.
O-O a5 9. Qe2 a4 10. c3 b6 11. Nc4 Ba6 12. Bg5 h6 13. Rfd1 Qe7 14. Bxf6 Qxf6
15. b3 Na5 16. Rd5 axb3 17. axb3 Nxc4 18. Rxa6 Rxa6 19. bxc4 Re8 20. h3 Ra1+
21. Kh2 c6 22. Rd7 Qe6 23. Qd2 Qxc4 24. Rd8 Qe6 25. h4 Ra8 26. Rd7 Ra2 27. Bh3
Rxd2 28. Bxe6 Rxf2+ 0-1

[Event "Manhem Elo 2012"]
[Site "?"]
[Date "2012.08.17"]
[Round "9"]
[White "Persson, Börje"]
[Black "Gromark, Per-Olof"]
[Result "1-0"]
[WhiteElo "1946"]
[BlackElo "2117"]
[PlyCount "115"]

1. e4 e5 2. Nf3 Nc6 3. Bb5 a6 4. Ba4 Nf6 5. O-O Be7 6. Re1 b5 7. Bb3 d6 8. h3
Na5 9. c3 Nxb3 10. Qxb3 O-O 11. d4 Bb7 12. Nbd2 exd4 13. cxd4 d5 14. e5 Ne4 15.
Nf1 c5 16. Be3 c4 17. Qc2 b4 18. N3h2 f5 19. f4 a5 20. Nf3 a4 21. N1d2 Nxd2 22.
Qxd2 a3 23. b3 cxb3 24. axb3 Rc8 25. Rec1 Qd7 26. Ne1 Ba6 27. Nd3 Bxd3 28. Qxd3
Rxc1+ 29. Bxc1 Rc8 30. Bd2 g6 31. Ra2 Rc6 32. Kh2 Kf7 33. Qb5 Qe6 34. Qd3 Rb6
35. Rc2 Rc6 36. Ra2 Rc7 37. g3 Qc6 38. h4 Ke6 39. Kg2 Rb7 40. Kf3 Qb5 41. Ke3
Qxd3+ 42. Kxd3 Rc7 43. Ke2 Kd7 44. Kd3 Ke6 45. Ke2 Kf7 46. Kf3 Kg7 47. g4 fxg4+
48. Kxg4 Kf7 49. f5 h5+ 50. Kf4 gxf5 51. Kxf5 Rc6 52. Kf4 Rg6 53. Kf5 Rg3 54.
e6+ Ke8 55. Rc2 Bd6 56. Rc8+ Ke7 57. Bg5+ Rxg5+ 58. hxg5 1-0